| 000 | 00846nam a2200241Ia 4500 | ||
|---|---|---|---|
| 005 | 20250425162103.0 | ||
| 008 | 250425s9999 xx 000 0 und d | ||
| 020 | _a9806131320 | ||
| 041 | _aspa | ||
| 082 | _a630.208 | ||
| 100 | _aCONTRERAS SALAS, JOSÉ | ||
| 245 | 0 | _aFORMULACIÓN Y EVALUACIÓN DE PROYECTOS AGRÍCOLAS | |
| 250 | _a1A ED. | ||
| 260 | _aCARACAS | ||
| 260 |
_aVenezuela _bAMERICA ASOCIATION _c1992 |
||
| 300 | _a95 | ||
| 520 | _aTRATA SOBRE LO QUE ES PROYECTOS AGRICOLAS, DIAGNOSTICO AGRONOMICO, ESTUDIO DE MERCADO, PLANIFICACION AGROECONOMICA; PROYECCION DE LA FINCA Y PLAN DE RECURSOS FISICOS; PLAN Y CRONOGRAMA DE INVERSIONES; SERVICIO DE LA DEUDA; PROYECCION FINANCIERA , EVALUACI | ||
| 650 | _aAGRICULTURA | ||
| 650 | _aESTUDIO DE MERCADO | ||
| 650 | _aPROYECTOS AGRICOLAS | ||
| 942 | _c01 | ||
| 010 | _a48847 | ||
| 999 |
_c222073 _d222073 |
||